00402nam a2200157Ia 4500008004100000020001800041050001400059100001900073245003200092245004000124260001500164260001700179260000900196300001400205300002500219180207s9999 xx 000 0 und d a9780545785631 bC533 2013 aChiew, Suzanne aI love you more each day! / cSuzanne Chiew and Tina Macnaughton. aNew York : bScholastic,  c2013 aunpaged : bcolor illustration ;